Normal view
MARC view
- Larry Maybee, Benarji Chakka
Entry Personal Name
001 - CONTROL NUMBER
- control field: 3967
003 - CONTROL NUMBER IDENTIFIER
- control field: OSt
005 - DATE AND TIME OF LATEST TRANSACTION
- control field: 20210223110624.0
008 - FIXED-LENGTH DATA ELEMENTS
- fixed length control field: 210223|| aca||aabn | a|a d
040 ## - CATALOGING SOURCE
- Original cataloging agency: OSt
- Transcribing agency: OSt
100 ## - HEADING--PERSONAL NAME
- Personal name: Larry Maybee, Benarji Chakka
670 ## - SOURCE DATA FOUND
- Source citation: Work cat.: (OSt): Maybee, Larry 3965, Custom as a Source of International Humanitarian Law , c2005
